日本の工業地帯・工業地域 - Statistics

General Stats
  • This quiz has been taken 421 times
  • The average score is 9 of 18
Answer Stats
工業地帯・工業地域 % Correct
京浜 工業地帯
97%
阪神 工業地帯
95%
北九州 工業地帯(地域)
95%
京葉臨海 工業地帯
91%
瀬戸内 工業地域
89%
中京 工業地帯
86%
東海 工業地域
68%
北関東・関東内陸 工業地域
68%
北陸 工業地域
66%
鹿島臨海 工業地帯
38%
北海道・道央 工業地域
35%
仙台湾臨海 工業地域
28%
大分臨海 工業地域
16%
播磨臨海 工業地域
9%
常磐 工業地域
5%
堺泉北臨海 工業地域
3%
八代臨海 工業地域
3%
細島臨海 工業地域
1%
No matching quizzes found
Score Distribution
Percent of People with Each Score
Percentile by Number Answered
Your Score History
You have not taken this quiz